Roue de la fortune - Mort subite #8 - Statistiques

Statistiques générales
  • Ce quiz a été pris 265 fois
  • Le résultat moyen est 21 sur 27
Statistiques - réponses
% Correct
E
99%
E
99%
E
99%
E
99%
E
99%
E
99%
A
95%
L
89%
I
82%
I
82%
R
81%
R
81%
R
81%
S
80%
S
80%
O
79%
N
73%
N
73%
N
73%
D
72%
D
72%
D
72%
C
60%
C
60%
F
59%
B
36%
V
33%
Aucun quiz correspondant
Distribution des résultats
% des personnes avec chaque résultat
Percentile par nombre de réponses
Votre historique - résultats
Vous n’avez pas pris ce quiz